Impact of worsening affordability on demand for social and affordable housing: tenure choice and household formation (Record no. 108428)

MARC details
000 -LEADER
fixed length control field 02016cad a22002535a 4500
001 - CONTROL NUMBER
control field L144250
008 - FIXED-LENGTH DATA ELEMENTS--GENERAL INFORMATION
fixed length control field 080707e20080702xxkd f s f000 0 eng d
035 ## - SYSTEM CONTROL NUMBER
System control number (Sirsi) u144250
041 0# - LANGUAGE CODE
Language code of text/sound track or separate title eng
050 04 - LIBRARY OF CONGRESS CALL NUMBER
Classification number 333.33 $2 18
110 2# - MAIN ENTRY--CORPORATE NAME
Corporate name or jurisdiction name as entry element National Housing and Planning Advice Unit
9 (RLIN) 5426
245 00 - TITLE STATEMENT
Title Impact of worsening affordability on demand for social and affordable housing: tenure choice and household formation
Medium [electronic resource]
260 ## - PUBLICATION, DISTRIBUTION, ETC.
Place of publication, distribution, etc. Fareham
-- HPAU
Date of publication, distribution, etc. 2008
490 #0 - SERIES STATEMENT
Series statement NHPAU Research Findings
Volume/sequential designation (2)
505 2# - FORMATTED CONTENTS NOTE
Formatted contents note A simple model of affordability, household formation and tenure choice -- What do key housing indicators suggest about recent trends in tenure? -- Worsening affordability and private renting: The supply of, and demand for, private rented accommodation -- Affordability -- Impact on private renting -- Worsening affordability and social renting -- Worsening affordability and household formation -- What does the CLG Affordability Model tell us? -- What if more market housing was built? -- The implications for affordability of delivering more social homes in place of market homes
520 ## - SUMMARY, ETC.
Summary, etc. Report looks at the effect of worsening affordability on demand for social and affordable housing. key findings include commentary on the number of people who will need state housing support in future; an end to the downward trend in average household size and the fact that a significant increase in social housing would actually the ratio of lower quartile house prices to earnings from 8.7 to 9.6. by 2011. Also reiterates the fact that an increase in market housing will be the key factor for future improvements to affordability.
521 ## - TARGET AUDIENCE NOTE
Target audience note Advanced
590 ## - LOCAL NOTE (RLIN)
Local note KA
650 24 - SUBJECT ADDED ENTRY--TOPICAL TERM
Topical term or geographic name entry element CREDIT CRUNCH
651 #4 - SUBJECT ADDED ENTRY--GEOGRAPHIC NAME
Geographic name England and Wales
Chronological subdivision 1543-
690 ## - LOCAL SUBJECT ADDED ENTRY--TOPICAL TERM (OCLC, RLIN)
Topical term or geographic name as entry element PROPERTY-RESIDENTIAL PROPERTY-RESIDENTIAL PROPERTY MARKET
856 40 - ELECTRONIC LOCATION AND ACCESS
Uniform Resource Identifier <a href="https://www.communities.gov.uk/documents/507390/pdf/867691.pdf">https://www.communities.gov.uk/documents/507390/pdf/867691.pdf</a>
Public note View the document free of charge at www.communities.gov.uk/nhpau...
942 ## - ADDED ENTRY ELEMENTS (KOHA)
Suppress in OPAC 0
Holdings
Withdrawn status Lost status Source of classification or shelving scheme Damaged status Not for loan Home library Current library Shelving location Date acquired Total Checkouts Full call number Barcode Date last seen Copy number Price effective from Koha item type
    Dewey Decimal Classification     Virtual Virtual Online 07/07/2008   ONLINE PUBLICATION 144250-1001 06/08/2019 1 06/08/2019 Book